16 personnalités MBTI noms - Statistiques

Statistiques générales
  • Ce quiz a été pris 20 fois
  • Le résultat moyen est 7 sur 16
Statistiques - réponses
Noms % Correct
Logicien
71%
Avocat
65%
Médiateur
65%
Architecte
59%
Amuseur
53%
Directeur
53%
Consul
47%
Commandant
41%
Entrepreneur
41%
Protagoniste
41%
Défenseur
35%
Virtuose
35%
Innovateur
29%
Logisticien
29%
Eventurier
6%
Inspirateur
6%
Aucun quiz correspondant
Distribution des résultats
% des personnes avec chaque résultat
Percentile par nombre de réponses
Votre historique - résultats
Vous n’avez pas pris ce quiz